Flags on Volleyballs - Statistics

General Stats
  • This quiz has been taken 489 times
  • The average score is 13 of 16
Answer Stats
Picture Answer % Correct
India
100%
Argentina
98%
North Korea
91%
Russia
91%
Belgium
89%
Austria / Peru
88%
Estonia
87%
Nigeria
87%
Thailand
86%
Bulgaria
85%
Venezuela
85%
Bahamas
78%
Senegal
75%
Armenia
72%
Kuwait
71%
Sāo Tomé and Príncipe
62%
No matching quizzes found
Score Distribution
Percent of People with Each Score
Percentile by Number Answered
Your Score History
You have not taken this quiz